| 000 | 01083nam a2200277 4500 | ||
|---|---|---|---|
| 001 | 178194 | ||
| 003 | ES-MaACL | ||
| 005 | 20250821063108.0 | ||
| 008 | 110523s2009 sp |||| |dspa d | ||
| 020 | _a978-84-8472-464-3 | ||
| 080 | _a821.134.2(460.35).09 | ||
| 100 | 1 |
_aBaquero, Gastón, _d1918-1997 _925260 |
|
| 245 | 1 | 0 |
_aAndaluces / _cGastón Baquero ; presentación de Alberto Díaz-Díaz. |
| 260 |
_aSevilla : _bRenacimiento, _c2009. |
||
| 300 |
_a209 p. ; _c21 cm. |
||
| 490 | 1 |
_aIluminaciones: filología, crítica y ensayo ; _v51 |
|
| 650 | 7 |
_aLiteratura española- _zAndalucía- _xHistoria y crítica. _914541 |
|
| 650 | 4 |
_aEscritores españoles- _zAndalucía. _9138702 |
|
| 700 | 1 |
_aDíaz Díaz, Alberto, _d1958- _9140939 |
|
| 830 | 0 | 0 |
_aIluminaciones: filología, crítica y ensayo _v51 _9224266 |
| 852 |
_aES-MaACL _9185053 _bR.145547 _jA-11228 _cDEPO1 _dOlim: N-4232 _xDonación: Alberto Díaz Díaz |
||
| 903 |
_9140939 _aDíaz Díaz, Alberto, _d1958- _ednr |
||
| 942 |
_2udc _cMONOGRAFIA |
||
| 999 |
_c178194 _d178194 |
||